[Event "4NCL 3 South pool B"]
[Site "Maidenhead, ENG"]
[Date "2020.02.09"]
[Round "6.56"]
[White "Smith, Steve"]
[Black "Webster, Peter A N"]
[Result "0-1"]
[WhiteElo "1826"]
[BlackElo "1873"]
[PlyCount "120"]
[EventDate "2020.02.09"]
[WhiteTeam "West is Best 2"]
[BlackTeam "Cambridge University 2"]

1. e4 e6 2. d4 d5 3. e5 c5 4. c3 Nc6 5. Nf3 Bd7 6. Be2 f6 7. exf6 Nxf6 8. O-O
Bd6 9. Re1 O-O 10. Nbd2 Qc7 11. Nb3 b6 12. Be3 c4 13. Nbd2 b5 14. Nf1 Rab8 15.
Ng3 b4 16. Qc2 bxc3 17. bxc3 Rb7 18. Rab1 Rfb8 19. Rxb7 Qxb7 20. Nd2 Qb2 21.
Qxb2 Rxb2 22. Nxc4 dxc4 23. Bxc4 Na5 24. Bd3 Rxa2 25. Rb1 Ra3 26. Ne2 Nd5 27.
Bd2 Nb6 28. g3 Nac4 29. Bc1 Ra2 30. Bf4 Bxf4 31. Nxf4 a5 32. Ng2 Rb2 33. Ra1 a4
34. Ne3 Nxe3 35. fxe3 Rb3 36. Kf2 Rxc3 37. Ke2 Rb3 38. Bc2 Rc3 39. Kd2 Rc8 40.
e4 Nc4+ 41. Ke2 Nb2 42. Kd2 Rc4 43. d5 exd5 44. exd5 Rc5 45. Bb1 Nc4+ 46. Kd3
Nb6 47. Ke4 Rc1 48. Ke5 Nc4+ 49. Kd4 Kf8 50. Ra2 Rxb1 51. Kxc4 Ke7 52. Rd2 Kd6
53. Rf2 Bb5+ 54. Kc3 Kxd5 55. Rf7 Rb3+ 56. Kc2 Bd3+ 57. Kd2 g5 58. Ra7 a3 59.
Ra5+ Kd4 60. Ra4+ Bc4 0-1

[Event "4NCL 3 South pool B"]
[Site "Maidenhead, ENG"]
[Date "2020.02.09"]
[Round "6.61"]
[White "Moloney, Nicholas R"]
[Black "Friedgood, David"]
[Result "1/2-1/2"]
[WhiteElo "2187"]
[BlackElo "2188"]
[PlyCount "153"]
[EventDate "2020.02.09"]
[WhiteTeam "Fermented Sharks"]
[BlackTeam "MK Phoenix 1"]

1. d4 d6 2. c4 Nf6 3. Nc3 g6 4. e4 Bg7 5. Nge2 c6 6. Ng3 a6 7. Be2 b5 8. cxb5
axb5 9. Qb3 Na6 10. O-O O-O 11. Rd1 Qc7 12. a4 Be6 13. d5 Nc5 14. Qc2 Nxa4 15.
Nxb5 Qb8 16. Nd4 cxd5 17. Nxe6 Rc8 18. Qd2 fxe6 19. Qe3 Nc5 20. Rxa8 Qxa8 21.
e5 dxe5 22. Qxe5 Nfe4 23. Qf4 Rf8 24. Qc7 Qd8 25. Qxd8 Rxd8 26. Nxe4 Nxe4 27.
Bf3 Nd6 28. Bg5 Bf6 29. h4 Rb8 30. b3 Bxg5 31. hxg5 Rxb3 32. Ra1 Nf7 33. Ra7
Kf8 34. Ra8+ Kg7 35. Ra7 Nxg5 36. Rxe7+ Kf6 37. Re8 Nxf3+ 38. gxf3 Kf7 39. Rh8
h5 40. Kg2 d4 41. f4 Ke7 42. Rg8 d3 43. Kf3 d2+ 44. Ke2 Rd3 45. Kd1 Kf6 46.
Rf8+ Kg7 47. Re8 h4 48. Rxe6 h3 49. Re7+ Kf6 50. Rh7 Kf5 51. Rh4 Rf3 52. Kxd2
Rxf2+ 53. Ke3 Ra2 54. Kf3 h2 55. Kg3 Ke4 56. Rh8 Ra3+ 57. Kg4 Ra2 58. Re8+ Kd4
59. Rh8 Ke3 60. Kg3 Rf2 61. Re8+ Kd2 62. Rh8 Ke1 63. Ra8 h1=N+ 64. Kh3 Rxf4 65.
Ra1+ Kf2 66. Rg1 Rf3+ 67. Kh2 Rg3 68. Ra1 Rg5 69. Ra2+ Kf3 70. Ra3+ Kg4 71.
Kxh1 Rb5 72. Ra4+ Kh5 73. Kg2 g5 74. Rc4 g4 75. Rc8 Rb2+ 76. Kg3 Rb3+ 77. Kg2
1/2-1/2

[Event "4NCL 3 South pool B"]
[Site "Maidenhead, ENG"]
[Date "2020.02.09"]
[Round "6.62"]
[White "Fraser-Mitchell, Jeremy N"]
[Black "Menzies, Colin"]
[Result "0-1"]
[WhiteElo "2062"]
[BlackElo "2181"]
[PlyCount "96"]
[EventDate "2020.02.09"]
[WhiteTeam "MK Phoenix 1"]
[BlackTeam "Fermented Sharks"]

1. d4 Nf6 2. c4 e6 3. Nc3 Bb4 4. Bg5 c5 5. d5 d6 6. e3 exd5 7. cxd5 Nbd7 8. Bb5
h6 9. Bxd7+ Bxd7 10. Bh4 g5 11. Bg3 Ne4 12. Nge2 h5 13. f3 Nxg3 14. Nxg3 h4 15.
Nge2 Qe7 16. Qd3 b5 17. O-O-O c4 18. Qe4 f5 19. Qxe7+ Kxe7 20. e4 Bxc3 21. Nxc3
b4 22. Ne2 fxe4 23. fxe4 Bg4 24. Rde1 Bxe2 25. Rxe2 Rhf8 26. e5 Rf5 27. Rhe1
Raf8 28. g4 Rf1 29. e6 Rxe1+ 30. Rxe1 Rf4 31. h3 Rf3 32. Re4 Rd3 33. Rxc4 Rxd5
34. Rxb4 Rd3 35. Rb5 Rxh3 36. Rxg5 Rh1+ 37. Kc2 h3 38. Rg7+ Kxe6 39. Rxa7 h2
40. Rh7 d5 41. a4 d4 42. a5 d3+ 43. Kxd3 Rd1+ 44. Kc4 h1=Q 45. Rxh1 Rxh1 46. b4
Kd6 47. Kb5 Kc7 48. a6 Rg1 0-1

[Event "4NCL 3 South pool B"]
[Site "Maidenhead, ENG"]
[Date "2020.02.09"]
[Round "6.63"]
[White "Okhai, Shabir"]
[Black "Freeman, Richard C P"]
[Result "1-0"]
[WhiteElo "2103"]
[BlackElo "2010"]
[PlyCount "91"]
[EventDate "2020.02.09"]
[WhiteTeam "Fermented Sharks"]
[BlackTeam "MK Phoenix 1"]

1. e4 c5 2. Nf3 g6 3. d4 cxd4 4. Nxd4 Bg7 5. Nc3 Nc6 6. Be3 Nf6 7. Bc4 O-O 8.
Bb3 Qc7 9. f3 a6 10. Qd2 d6 11. h4 h5 12. O-O-O Na5 13. Kb1 b5 14. Nd5 Nxd5 15.
exd5 Nc4 16. Bxc4 bxc4 17. c3 Bd7 18. g4 Rfb8 19. gxh5 Rb7 20. hxg6 Rab8 21.
gxf7+ Kxf7 22. h5 Rxb2+ 23. Qxb2 Rxb2+ 24. Kxb2 Qb7+ 25. Ka1 Qxd5 26. h6 Bh8
27. Ne2 Qa5 28. Bd4 e5 29. Be3 Bf5 30. Rc1 Bd3 31. Ng3 d5 32. Rh5 Qa3 33. Bd2
d4 34. Ne4 dxc3 35. Rxc3 Qb4 36. Rxd3 Qa4 37. Rc3 Qd1+ 38. Rc1 Qe2 39. Bc3 Ke7
40. Rh3 Qe3 41. Rb1 Kd8 42. h7 Ke7 43. a3 a5 44. Ka2 a4 45. Rg3 Qh6 46. Rg8 1-0

[Event "4NCL 3 South pool B"]
[Site "Maidenhead, ENG"]
[Date "2020.02.09"]
[Round "6.64"]
[White "Brown, Alan M"]
[Black "Voyiakis, Emmanuel"]
[Result "1/2-1/2"]
[WhiteElo "2009"]
[BlackElo "2067"]
[PlyCount "44"]
[EventDate "2020.02.09"]
[WhiteTeam "MK Phoenix 1"]
[BlackTeam "Fermented Sharks"]

1. d4 d5 2. Nf3 e6 3. Bf4 Nf6 4. e3 Bd6 5. Bxd6 Qxd6 6. Nc3 a6 7. Be2 c5 8. O-O
cxd4 9. exd4 Nc6 10. Bd3 b5 11. a3 O-O 12. Re1 b4 13. axb4 Nxb4 14. Bf1 Bd7 15.
Ne5 Rfc8 16. Nd3 Nxd3 17. Qxd3 Qb4 18. Reb1 Ne8 19. Qd1 a5 20. Bd3 Nd6 21. Ne2
Nc4 22. c3 Qd6 1/2-1/2

[Event "4NCL 3 South pool B"]
[Site "Maidenhead, ENG"]
[Date "2020.02.09"]
[Round "6.65"]
[White "Agnew, Alan"]
[Black "Habershon, Paul F"]
[Result "1-0"]
[WhiteElo "2064"]
[BlackElo "2006"]
[PlyCount "89"]
[EventDate "2020.02.09"]
[WhiteTeam "Fermented Sharks"]
[BlackTeam "MK Phoenix 1"]

1. d4 Nf6 2. c4 e6 3. Nf3 b6 4. g3 Bb7 5. Bg2 Be7 6. O-O O-O 7. Nc3 d5 8. cxd5
exd5 9. Bf4 a6 10. Ne5 Nbd7 11. Qb3 Nxe5 12. dxe5 Ne4 13. Nxe4 dxe4 14. Rfd1
Qc8 15. Rac1 Rd8 16. Qc2 Qe6 17. Rxd8+ Rxd8 18. Qxc7 Rd7 19. Qb8+ Bf8 20. b3
Qd5 21. Be3 Rd8 22. Qa7 Ba3 23. Rf1 Rc8 24. Qxb6 Rc2 25. b4 h6 26. Bh3 Bc6 27.
Qb8+ Kh7 28. Qf8 Bd7 29. Bxd7 Qxd7 30. Qd6 Qe6 31. Qxe6 fxe6 32. Rb1 Kg6 33.
Kf1 Bb2 34. a4 Kf5 35. b5 axb5 36. axb5 Bxe5 37. b6 Bb8 38. Rb5+ Kf6 39. h4 Ke7
40. Rb4 Rc6 41. Rxe4 Kd8 42. Rb4 Kc8 43. b7+ Kd7 44. Kg2 Ra6 45. Rg4 1-0

[Event "4NCL 3 South pool B"]
[Site "Maidenhead, ENG"]
[Date "2020.02.09"]
[Round "6.66"]
[White "Elwin, Adrian G"]
[Black "Millward, Kevin P"]
[Result "1-0"]
[WhiteElo "1986"]
[BlackElo "1948"]
[PlyCount "73"]
[EventDate "2020.02.09"]
[WhiteTeam "MK Phoenix 1"]
[BlackTeam "Fermented Sharks"]

1. d4 d6 2. e4 g6 3. Nf3 Bg7 4. Bc4 a6 5. c3 b5 6. Bb3 e6 7. a4 Bb7 8. Qe2 Nd7
9. Bg5 Bf6 10. Bxf6 Ngxf6 11. Nbd2 bxa4 12. Bxa4 O-O 13. O-O Nb6 14. Bc2 a5 15.
Rfe1 Qe7 16. Qb5 Ba6 17. Qg5 Bb7 18. e5 Nfd5 19. Qh6 f6 20. exf6 Rxf6 21. Ne4
Rxf3 22. gxf3 Rf8 23. Qg5 Qf7 24. Qg3 h6 25. Rxa5 Nf4 26. Ra7 Bc6 27. Nxd6 Qg7
28. Ne4 Nbd5 29. Nc5 Qf6 30. Be4 g5 31. Ra6 Bb5 32. Rxe6 Qg7 33. Bxd5 Nxd5 34.
Qe5 Qxe5 35. R6xe5 c6 36. Re8 Nf4 37. Rxf8+ 1-0

[Event "4NCL 3 South pool B"]
[Site "Maidenhead, ENG"]
[Date "2020.02.09"]
[Round "6.71"]
[White "Pleasants, Allan J"]
[Black "Cole, James"]
[Result "0-1"]
[WhiteElo "2046"]
[BlackElo "2057"]
[PlyCount "86"]
[EventDate "2020.02.09"]
[WhiteTeam "Wessex B"]
[BlackTeam "Oxford 2"]

1. Nf3 Nf6 2. g3 g6 3. Bg2 Bg7 4. c4 O-O 5. O-O c6 6. Nc3 d5 7. cxd5 cxd5 8. d4
Nc6 9. Ne5 Bf5 10. Bg5 Ne4 11. Nxc6 bxc6 12. Nxe4 dxe4 13. Be3 Qd5 14. b3 Rfd8
15. Rc1 Bxd4 16. Qxd4 Qxd4 17. Bxd4 Rxd4 18. e3 Rd2 19. Rxc6 Rxa2 20. Rc4 Rb8
21. Bxe4 Be6 22. Rc7 Kf8 23. Bc2 Rd8 24. Bb1 Rb2 25. Rc2 Rd2 26. Rxd2 Rxd2 27.
Be4 Bxb3 28. Ra1 Rd1+ 29. Rxd1 Bxd1 30. Kf1 a5 31. Ke1 Ba4 32. Kd2 e6 33. f4
Ke7 34. h4 h5 35. Bf3 Kd6 36. g4 hxg4 37. Bxg4 Bc6 38. h5 gxh5 39. Bxh5 f6 40.
Kc3 Kc5 41. Bf7 Bd7 42. Bg8 f5 43. Bh7 Bc6 0-1

[Event "4NCL 3 South pool B"]
[Site "Maidenhead, ENG"]
[Date "2020.02.09"]
[Round "6.72"]
[White "Pozimski, Szymon"]
[Black "Duggan, Michael F G"]
[Result "1/2-1/2"]
[WhiteElo "2011"]
[BlackElo "2027"]
[PlyCount "44"]
[EventDate "2020.02.09"]
[WhiteTeam "Oxford 2"]
[BlackTeam "Wessex B"]

1. Nf3 c5 2. c4 g6 3. Nc3 Nc6 4. d4 cxd4 5. Nxd4 Bg7 6. e3 Nf6 7. Be2 O-O 8.
O-O b6 9. Bf3 Bb7 10. b3 Rb8 11. Nde2 d6 12. Bb2 Qd7 13. Ng3 h5 14. Qd2 h4 15.
Nge4 h3 16. Nxf6+ Bxf6 17. Bxc6 Bxc6 18. f3 hxg2 19. Qxg2 b5 20. cxb5 Bxb5 21.
Rfd1 Bc6 22. Rac1 Rfc8 1/2-1/2

[Event "4NCL 3 South pool B"]
[Site "Maidenhead, ENG"]
[Date "2020.02.09"]
[Round "6.73"]
[White "Cooper, Paul F"]
[Black "Burrows, Nick"]
[Result "1/2-1/2"]
[WhiteElo "2050"]
[BlackElo "2072"]
[PlyCount "62"]
[EventDate "2020.02.09"]
[WhiteTeam "Wessex B"]
[BlackTeam "Oxford 2"]

1. c4 e6 2. g3 f5 3. Bg2 Nf6 4. Nc3 c6 5. b3 d5 6. e3 Bd6 7. Nge2 O-O 8. O-O
Qe7 9. Bb2 Nbd7 10. Qc2 Ne5 11. d4 Neg4 12. h3 Nh6 13. Nf4 Ne4 14. Nd3 Bd7 15.
Ne2 Nf7 16. Ne5 Nxe5 17. dxe5 Ba3 18. Bxa3 $11 Qxa3 19. Rfc1 Qe7 20. h4 b6 21.
f3 Nc5 22. b4 Na6 23. a3 Rfc8 24. c5 bxc5 25. bxc5 Rcb8 26. Nd4 Rb7 27. Bf1 Nc7
28. Rab1 Rab8 29. Rxb7 Rxb7 30. Qc3 g5 31. hxg5 Qxg5 1/2-1/2

[Event "4NCL 3 South pool B"]
[Site "Maidenhead, ENG"]
[Date "2020.02.09"]
[Round "6.74"]
[White "Wilson, Edgar"]
[Black "Goater, Kevin P"]
[Result "1/2-1/2"]
[WhiteElo "2012"]
[BlackElo "2102"]
[PlyCount "44"]
[EventDate "2020.02.09"]
[WhiteTeam "Oxford 2"]
[BlackTeam "Wessex B"]

1. e4 c6 2. Nc3 d5 3. Nf3 g6 4. d4 Bg7 5. Be2 Bg4 6. Be3 dxe4 7. Nxe4 Nf6 8.
Nc5 b6 9. Nd3 Nd5 10. Nde5 Nxe3 11. fxe3 Bxf3 12. Nxf3 O-O 13. O-O Qd5 14. Qd3
e6 15. a3 Nd7 16. Rad1 c5 17. c3 Rad8 18. Kh1 Qa8 19. Ng5 Qb8 20. Qc4 Bf6 21.
Nf3 cxd4 22. exd4 Rc8 1/2-1/2

[Event "4NCL 3 South pool B"]
[Site "Maidenhead, ENG"]
[Date "2020.02.09"]
[Round "6.75"]
[White "De Coverly, Roger D"]
[Black "Hadi, Justin"]
[Result "0-1"]
[WhiteElo "1940"]
[BlackElo "1976"]
[PlyCount "92"]
[EventDate "2020.02.09"]
[WhiteTeam "Wessex B"]
[BlackTeam "Oxford 2"]

1. Nf3 g6 2. d4 f5 3. g3 Nf6 4. Bg2 Bg7 5. c4 O-O 6. O-O d6 7. Nc3 Qe8 8. d5
Na6 9. Nd4 Bd7 10. Re1 Nc5 11. Rb1 c6 12. b4 Nce4 13. Bb2 Nxc3 14. Bxc3 cxd5
15. cxd5 Rc8 16. Bb2 Ng4 17. Ne6 Bxe6 18. Bxg7 Kxg7 19. dxe6 Qb5 20. Qd5 Qb6
21. e3 Rc2 22. Rf1 Rfc8 23. Qxb7 Qxb7 24. Bxb7 R8c3 25. a4 Ra3 26. h3 Ne5 27.
a5 Nd3 28. Ba6 Kf6 29. Bxd3 Rxd3 30. b5 Rc7 31. b6 axb6 32. axb6 Rb7 33. Rfc1
Kxe6 34. Rc8 Ra3 35. Rh8 h5 36. h4 Ra6 37. Rc1 Rbxb6 38. Rg8 Kf7 39. Rcc8 Rb2
40. Rcf8+ Ke6 41. Rxg6+ Ke5 42. Re8 Ke4 43. Kg2 e5 44. Rc8 Raa2 45. Rc1 Rxf2+
46. Kg1 Kf3 0-1

[Event "4NCL 3 South pool B"]
[Site "Maidenhead, ENG"]
[Date "2020.02.09"]
[Round "6.76"]
[White "Rasanen, Otto"]
[Black "Weatherlake, John P"]
[Result "0-1"]
[WhiteElo "1921"]
[BlackElo "1937"]
[PlyCount "108"]
[EventDate "2020.02.09"]
[WhiteTeam "Oxford 2"]
[BlackTeam "Wessex B"]

1. d4 d6 2. Nf3 Nf6 3. c4 Nbd7 4. g3 c6 5. Bg2 e5 6. Nc3 Be7 7. e4 O-O 8. O-O
Re8 9. h3 Qc7 10. Be3 Bf8 11. Qc2 b5 12. cxb5 cxb5 13. Rfc1 b4 14. Nb5 Qxc2 15.
Rxc2 Bb7 16. Nc7 Rac8 17. d5 Re7 18. Ne1 Nxe4 19. Bxe4 Nf6 20. Rac1 Nxe4 21.
Bxa7 Rd7 22. Bb6 Nc5 23. Nb5 Bxd5 24. Rd2 Rb7 25. Na7 Ne4 26. Nxc8 Nxd2 27. Rd1
Nf3+ 28. Nxf3 Bxf3 29. Rc1 Bd5 30. Rc7 Rb8 31. Ba7 Rb7 32. Rxb7 Bxb7 33. Nb6 d5
34. Nd7 Bd6 35. Nc5 Bc6 36. f3 f5 37. Kf2 Kf7 38. Nd3 e4 39. fxe4 dxe4 40. Nf4
Bb5 41. Be3 g5 42. Ng2 h6 43. h4 Kg6 44. hxg5 hxg5 45. Ne1 Kh5 46. Nc2 Bc4 47.
a3 b3 48. Nd4 Kg4 49. Kg2 Bxg3 50. Nxf5 Bf4 51. Bxf4 gxf4 52. Nd4 f3+ 53. Kf2
Kf4 54. a4 e3+ 0-1

[Event "4NCL 3 South pool B"]
[Site "Maidenhead, ENG"]
[Date "2020.02.09"]
[Round "6.81"]
[White "Norman, Kenneth I"]
[Black "Cooksey, Paul S"]
[Result "0-1"]
[WhiteElo "2120"]
[BlackElo "2305"]
[PlyCount "64"]
[EventDate "2020.02.09"]
[WhiteTeam "Iceni 1"]
[BlackTeam "Crowthorne 1"]

1. Nf3 d5 2. g3 c6 3. Bg2 Bg4 4. O-O e6 5. d3 Nd7 6. Nbd2 Bd6 7. Qe1 Ne7 8. e4
O-O 9. h3 Bh5 10. Nh2 Qc7 11. Ndf3 Rfe8 12. b3 e5 13. Bb2 d4 14. c3 c5 15. c4
a6 16. a4 Nc6 17. Qd2 Rab8 18. Ra3 Qd8 19. Nh4 Bc7 20. Bf3 Ba5 21. Qe2 Bxf3 22.
N2xf3 b5 23. axb5 axb5 24. Rfa1 Qc7 25. Kh2 g6 26. Kg2 Nf8 27. cxb5 Rxb5 28.
Nd2 Bb4 29. R3a2 Bxd2 30. Qxd2 Rxb3 31. Ba3 Nb4 32. Bxb4 cxb4 0-1

[Event "4NCL 3 South pool B"]
[Site "Maidenhead, ENG"]
[Date "2020.02.09"]
[Round "6.82"]
[White "Webb, Richard M"]
[Black "Hughes, Roy"]
[Result "1/2-1/2"]
[WhiteElo "2215"]
[BlackElo "2026"]
[PlyCount "46"]
[EventDate "2020.02.09"]
[WhiteTeam "Crowthorne 1"]
[BlackTeam "Iceni 1"]

1. Nf3 d5 2. g3 c6 3. Bg2 Bf5 4. O-O Nf6 5. b3 e6 6. Bb2 Nbd7 7. d3 Qc7 8. Nbd2
e5 9. Re1 h6 10. e4 dxe4 11. dxe4 Be6 12. Qe2 Bc5 13. h3 O-O 14. Nc4 Bxc4 15.
Qxc4 Rfe8 16. Nh4 b5 17. Qe2 g6 18. Nf3 Rad8 19. Rad1 a5 20. Rd3 Bd6 21. Red1
Nc5 22. Bxe5 Nfxe4 23. Bxd6 Nxd6 1/2-1/2

[Event "4NCL 3 South pool B"]
[Site "Maidenhead, ENG"]
[Date "2020.02.09"]
[Round "6.83"]
[White "Reynolds, D Ian W"]
[Black "Thompson, Ian D"]
[Result "0-1"]
[WhiteElo "2014"]
[BlackElo "2141"]
[PlyCount "64"]
[EventDate "2020.02.09"]
[WhiteTeam "Iceni 1"]
[BlackTeam "Crowthorne 1"]

1. e4 e5 2. Nf3 Nc6 3. d4 exd4 4. Nxd4 Nf6 5. Nxc6 bxc6 6. Qe2 Qe7 7. Nc3 Bb7
8. f3 Qe6 9. Be3 Bb4 10. Qc4 Qxc4 11. Bxc4 d5 12. exd5 cxd5 13. Bd3 O-O 14. Kf2
Rfd8 15. Ne2 Ba5 16. c3 Bb6 17. Rhe1 c5 18. Rad1 h6 19. Rd2 d4 20. cxd4 cxd4
21. Bxd4 Rxd4 22. Nxd4 Bxd4+ 23. Kf1 Bc5 24. Rc2 Bb4 25. Re5 Bd6 26. Rb5 Bd5
27. Ra5 Bxh2 28. Rxa7 Rd8 29. Bc4 Bg3 30. b3 g5 31. Re2 Bxc4 32. bxc4 Rd1+ 0-1

[Event "4NCL 3 South pool B"]
[Site "Maidenhead, ENG"]
[Date "2020.02.09"]
[Round "6.84"]
[White "Purdon, Colin"]
[Black "Sagues, Vincent"]
[Result "1/2-1/2"]
[WhiteElo "1991"]
[BlackElo "1951"]
[PlyCount "50"]
[EventDate "2020.02.09"]
[WhiteTeam "Crowthorne 1"]
[BlackTeam "Iceni 1"]

1. d4 d5 2. c4 c6 3. Nf3 Nf6 4. Nc3 dxc4 5. a4 Bf5 6. Ne5 Nbd7 7. Nxc4 Qc7 8.
g3 e5 9. dxe5 Nxe5 10. Bf4 Nfd7 11. Bg2 Be6 12. Nxe5 Nxe5 13. O-O f6 14. a5 a6
15. Qc2 Rd8 16. Ne4 Bd5 17. Qc3 Bxe4 18. Bxe4 Bd6 19. Be3 Qf7 20. Bb6 Bc7 21.
Bxc7 Qxc7 22. f4 Nf7 23. Qc2 h6 24. b4 O-O 25. Rfd1 Qe7 1/2-1/2

[Event "4NCL 3 South pool B"]
[Site "Maidenhead, ENG"]
[Date "2020.02.09"]
[Round "6.86"]
[White "Tart, Peter K"]
[Black "Ortiz Sanchez, Luis"]
[Result "1/2-1/2"]
[WhiteElo "1892"]
[BlackElo "1947"]
[PlyCount "83"]
[EventDate "2020.02.09"]
[WhiteTeam "Crowthorne 1"]
[BlackTeam "Iceni 1"]

1. e4 c5 2. Nc3 Nc6 3. Bb5 Nd4 4. Bc4 e6 5. Nge2 Nf6 6. O-O a6 7. d3 b5 8. Bb3
Nxb3 9. axb3 Bb7 10. Bg5 Be7 11. Ng3 h6 12. Bd2 Qc7 13. f4 d6 14. Qe2 g6 15. f5
gxf5 16. exf5 e5 17. Nce4 Kd7 18. Nxf6+ Bxf6 19. Ne4 Qd8 20. b4 Rc8 21. bxc5
dxc5 22. b4 Qe7 23. bxc5 Bxe4 24. Qxe4 Qxc5+ 25. Be3 Qc6 26. Ra2 Qxe4 27. dxe4
Rc6 28. Rfa1 Bg5 29. Bxg5 hxg5 30. Rxa6 Rxa6 31. Rxa6 Rc8 32. Ra7+ Kd6 33. Rxf7
Rxc2 34. Rb7 Rc4 35. Rxb5 Rxe4 36. h3 g4 37. hxg4 Rxg4 38. Rb6+ Kd5 39. f6 e4
40. Kf2 Ke5 41. g3 Rg5 42. Rb5+ 1/2-1/2

[Event "4NCL Division 3 North"]
[Site "Doncaster, ENG"]
[Date "2019.11.09"]
[Round "1.11"]
[White "Rawlinson, Aidan M"]
[Black "Bramson, Mike"]
[Result "1-0"]
[WhiteElo "2170"]
[BlackElo "1790"]
[EventDate "2019.11.09"]
[PlyCount "83"]
[WhiteTeam "Manchester Manticores 2"]
[BlackTeam "Bradford DCA Knights C"]

1.d4 d5 2.c4 e6 3.Nf3 Nf6 4.g3 Be7 5.Bg2 O-O 6.O-O c6 7.Qc2 Nbd7 8.Nbd2 
Re8 9.e4 dxe4 10.Nxe4 Nxe4 11.Qxe4 Nf6 12.Qc2 Bd6 13.Rd1 Qe7 14.a3 a5 15.
c5 Bc7 16.Re1 Rd8 17.Bd2 h6 18.Qc1 Kh7 19.Bf4 Nd5 20.Bxc7 Qxc7 21.Ne5 Nf6 
22.Qf4 Kg8 23.Qh4 Bd7 24.Nc4 Rf8 25.Rad1 Rad8 26.Bf3 Bc8 27.Be4 Nd5 28.Bc2
Rde8 29.Qe4 f5 30.Qd3 Rf6 31.Qd2 Ref8 32.Qxa5 Qf7 33.Qd2 f4 34.Qd3 g5 35.
Ne5 Qg7 36.Kh1 Bd7 37.Qh7+ Qxh7 38.Bxh7+ Kxh7 39.Nxd7 fxg3 40.fxg3 Kg6 41.
Rxe6 Kf5 42.Nxf8 1-0

[Event "4NCL Division 3 North"]
[Site "Doncaster, ENG"]
[Date "2019.11.09"]
[Round "1.12"]
[White "Winter, Kevin"]
[Black "Mulleady, Peter J"]
[Result "0-1"]
[WhiteElo "1754"]
[BlackElo "2020"]
[EventDate "2019.11.09"]
[PlyCount "112"]
[WhiteTeam "Bradford DCA Knights C"]
[BlackTeam "Manchester Manticores 2"]

1.d4 Nf6 2.Bf4 c5 3.e3 Qb6 4.Nc3 a6 5.dxc5 Qxc5 6.Nf3 Nc6 7.Be2 g6 8.O-O 
Bg7 9.h3 O-O 10.Qd2 d6 11.a4 Bf5 12.g4 Ne4 13.Nxe4 Bxe4 14.c3 Nd8 15.Qd1 
Ne6 16.Bg3 Qb6 17.Nd2 Bc6 18.Nc4 Qd8 19.a5 Ng5 20.Kh2 Ne4 21.Rg1 Nxg3 22.
Rxg3 Rc8 23.Nb6 Rc7 24.f4 e6 25.Rg1 d5 26.Qf1 Qd6 27.Qf2 Qc5 28.Rgf1 Bb5 
29.Kg2 Qc6 30.Kh2 Bxe2 31.Qxe2 f5 32.Qf3 Rcf7 33.g5 Rd8 34.Rfd1 Bf8 35.Qe2
Bc5 36.Na4 Bd6 37.Nb6 Bc7 38.Na4 Bxa5 39.b4 Bc7 40.c4 dxc4 41.Rxd8+ Bxd8 
42.Nc5 Bb6 43.Rc1 Bxc5 44.bxc5 Rd7 45.Rxc4 Rd5 46.Qa2 Qd7 47.Rc2 Qc6 48.
Rc4 Rd1 49.e4 Qd7 50.Rc2 fxe4 51.f5 gxf5 52.g6 hxg6 53.c6 bxc6 54.Qb2 Rd3 
55.Qb8+ Kh7 56.Qf4 Qd6 0-1

[Event "4NCL Division 3 North"]
[Site "Doncaster, ENG"]
[Date "2019.11.09"]
[Round "1.13"]
[White "Kay, Lee P"]
[Black "Holliday, John K"]
[Result "1/2-1/2"]
[WhiteElo "2065"]
[BlackElo "1797"]
[EventDate "2019.11.09"]
[PlyCount "45"]
[WhiteTeam "Manchester Manticores 2"]
[BlackTeam "Bradford DCA Knights C"]

1.e4 d5 2.exd5 Nf6 3.Nf3 Qxd5 4.Nc3 Qd8 5.d4 Bf5 6.Be2 e6 7.Nh4 Ne4 8.Nxf5
exf5 9.Qd3 Nd6 10.Bf4 Qd7 11.Nd5 Nc6 12.Qe3+ Be7 13.Bg5 Ne4 14.Nxe7 Nxe7 
15.Bxe7 Qxe7 16.O-O-O O-O-O 17.f3 Qg5 18.Qxg5 Nxg5 19.Bc4 Ne6 20.Bxe6+ 
fxe6 21.Rhe1 Rhe8 22.Re5 Rd5 23.Rde1 1/2-1/2

[Event "4NCL Division 3 North"]
[Site "Doncaster, ENG"]
[Date "2019.11.09"]
[Round "1.35"]
[White "Ahmed, Helal"]
[Black "Lamb, Ian"]
[Result "1/2-1/2"]
[WhiteElo "1780"]
[BlackElo "1742"]
[EventDate "2019.11.09"]
[PlyCount "39"]
[WhiteTeam "3Cs 2"]
[BlackTeam "Bolton & Worsley"]

1.d4 e6 2.Bf4 Nf6 3.e3 d5 4.Nd2 c5 5.c3 Bd6 6.Bg3 O-O 7.Bd3 Nc6 8.Ngf3 b6 
9.Ne5 Bb7 10.O-O Ne7 11.Qf3 Qc7 12.Ng4 Nxg4 13.Qxg4 f5 14.Bxd6 Qxd6 15.Qg3
Qxg3 16.hxg3 a5 17.Nf3 Nc6 18.a4 c4 19.Bc2 h6 20.Ne5 1/2-1/2

[Event "4NCL Division 3 North"]
[Site "Doncaster, ENG"]
[Date "2019.11.09"]
[Round "1.15"]
[White "Reed, John"]
[Black "Clarke, Paul R H"]
[Result "1-0"]
[WhiteElo "1982"]
[BlackElo "1690"]
[PlyCount "62"]
[EventDate "2019.11.09"]
[WhiteTeam "Manchester Manticores 2"]
[BlackTeam "Bradford DCA Knights C"]

1. d4 d6 2. Nf3 Nf6 3. g3 Nbd7 4. Bg2 e5 5. O-O Be7 6. Nc3 c6 7. e4 O-O 8. a4
a5 9. b3 Qc7 10. Bb2 Re8 11. Re1 b6 12. Qd2 Ba6 13. Rad1 Rad8 14. h3 exd4 15.
Nxd4 Nf8 16. Nf5 d5 17. Nxe7+ Rxe7 18. exd5 Rxe1+ 19. Rxe1 cxd5 20. Nb5 Bxb5
21. Bxf6 gxf6 22. axb5 Qc5 23. c4 d4 24. Bd5 Ne6 25. Bxe6 fxe6 26. Rxe6 Kf7 27.
Re4 Qa3 28. Qh6 Rh8 29. Qh5+ Kf8 30. Qe8+ Kg7 31. Rg4+ Kh6 1-0

[Event "4NCL Division 3 North"]
[Site "Doncaster, ENG"]
[Date "2019.11.09"]
[Round "1.21"]
[White "Parsons, Matthew"]
[Black "Potter, Steven"]
[Result "1-0"]
[WhiteElo "2155"]
[BlackElo "1825"]
[PlyCount "127"]
[EventDate "2019.11.09"]
[WhiteTeam "Bradford DCA Knights A"]
[BlackTeam "Manchester Manticores 4"]

1. d4 b6 2. Bf4 Bb7 3. e3 e6 4. Nf3 d6 5. a4 a5 6. Nc3 Nf6 7. Bd3 Nbd7 8. Qe2
Be7 9. e4 Nh5 10. Bd2 g6 11. Bh6 Bf8 12. Qd2 Qe7 13. O-O-O Bxh6 14. Qxh6 O-O-O
15. Rhe1 e5 16. Nd5 Bxd5 17. exd5 Qf6 18. Ba6+ Kb8 19. Qe3 Qf4 20. g3 Qxe3+ 21.
Rxe3 f6 22. Bb5 Ng7 23. Ree1 Nf5 24. g4 Nxd4 25. Nxd4 exd4 26. Re6 Ne5 27. h3
Rhf8 28. f4 Nf3 29. Rd3 Nh4 30. Rxd4 g5 31. Re7 gxf4 32. Rxh7 Rh8 33. Rxh8 Rxh8
34. Rxf4 Ng6 35. Rxf6 Ne5 36. Bf1 Kc8 37. b3 Kd8 38. Kd2 Ke7 39. Rf5 Rg8 40.
Ke3 Ng6 41. Kf2 Nh4 42. Rf4 Ng6 43. Rf3 Ne5 44. Rf5 c6 45. dxc6 Nxc6 46. Bd3
Ne5 47. Kg3 Rc8 48. Kf4 Rc3 49. Rxe5+ dxe5+ 50. Kxe5 Rc5+ 51. Kf4 Kf6 52. h4
Rd5 53. g5+ Kg7 54. h5 Rd4+ 55. Ke5 Rg4 56. h6+ Kh8 57. g6 Rg5+ 58. Kd6 b5 59.
g7+ Kg8 60. axb5 a4 61. Bc4+ Kh7 62. g8=Q+ Rxg8 63. Bxg8+ Kxg8 64. bxa4 1-0

[Event "4NCL Division 3 North"]
[Site "Doncaster, ENG"]
[Date "2019.11.09"]
[Round "1.22"]
[White "Gawne, Martin"]
[Black "Watson, Phil R"]
[Result "0-1"]
[WhiteElo "1810"]
[BlackElo "2123"]
[PlyCount "60"]
[EventDate "2019.11.09"]
[WhiteTeam "Manchester Manticores 4"]
[BlackTeam "Bradford DCA Knights A"]

1. d4 d5 2. Nf3 Nf6 3. e3 Bf5 4. Ne5 e6 5. g4 Be4 6. f3 Bg6 7. h4 h6 8. Nxg6
fxg6 9. Bd3 Kf7 10. c3 Bd6 11. Rh3 g5 12. h5 Rf8 13. Qc2 Nbd7 14. Nd2 c5 15. b3
Qc7 16. Nf1 Rac8 17. dxc5 Bxc5 18. Bb2 Ne5 19. O-O-O Kg8 20. Kb1 Nfd7 21. Qe2
Nxd3 22. Rxd3 Rf7 23. e4 dxe4 24. Qxe4 Nf6 25. Qe1 Nd5 26. Bc1 Bd6 27. Kb2 Be5
28. Bd2 b5 29. Ng3 b4 30. Ne2 Qa5 {time} 0-1